Las Empresas como socias en el desarrollo: fortalecimiento de la contribución pública de la empresa privada /
Gardado en:
| Autor Principal: | |
|---|---|
| Formato: | Texto |
| Materias: | |
| Etiquetas: |
Engadir etiqueta
Sen Etiquetas, Sexa o primeiro en etiquetar este rexistro!
|
MARC
| LEADER | 00000 a a2200000 04500 | ||
|---|---|---|---|
| 001 | 4895 | ||
| 003 | |||
| 040 | |||
| 100 | |a Nelson, Jane | ||
| 245 | |a Las Empresas como socias en el desarrollo: |b fortalecimiento de la contribución pública de la empresa privada / |c Jane Nelson | ||
| 650 | |a EMPRESAS | ||
| 650 | |a EMPRESAS CAPITALISTAS | ||
| 650 | |a EMPRESAS TRANSNACIONALES | ||
| 650 | |a HACIENDA PUBLICA | ||
| 650 | |a TRIBUTACION | ||
| 773 | |g volumen 21, número 2; páginas 4-12 | ||
| 999 | |c 35442 |d 35442 | ||
